000 00465nam a2200181Ia 4500
008 131103s9999 xx 000 0 und d
040 _aLoreto College
041 _aEnglish
082 _aF/HIG
_bLCBED/11293
100 _aHiggins, Jack
245 _aIye of the storm
_cJack Higgins
260 _aLondon
_bA signet book
_c1993
300 _a276p.
_c 18 cm.
650 _aEnglish fiction
651 _aEnglish literature
850 _aLCBED/F/HIG
942 _cBK
999 _c32603
_d83082